| 000 | 00542nam a2200181Ia 4500 | ||
|---|---|---|---|
| 008 | 240925s9999 xx 000 0 und d | ||
| 020 | _a8120321030 | ||
| 082 | _a004.22 STA | ||
| 100 | _aStallings, William | ||
| 245 | 0 | _aComputer Organization and Architecture: designing for performance | |
| 250 | _a6th | ||
| 260 |
_aNew Delhi: _bPrentice Hall _c,2003. |
||
| 300 |
_axxxii,1263p. _bNA _fOriginal |
||
| 500 | _aIncludes Index | ||
| 600 | _aEngineering Technology | ||
| 650 | _aComputer science, information & general works | ||
| 942 | _cBK | ||
| 999 |
_c7588 _d7588 |
||